000 00845cam a2200253 a 4500
001 635776
005 20180214045408.0
008 930922s1994 nyua j b 001 0 eng
010 _a 93033598
020 _a0195081110 (acidfree paper)
040 _aDLC
_cDLC
_dDLC
041 _aeng
042 _alcac
043 _an-us---
080 _a305.409730 man
082 0 0 _a305.409730 man
_220
100 1 _a16
101 _ahis
245 1 0 _aNew paths to power :
_cKaren Manners Smith.
504 _aIncludes bibliographical references (p. 137-140) and index.
906 _a7
_bcbc
_corignew
_d1
_eocip
_f19
_gy-gencatlg
942 _2ddc
_cBK
999 _c42481
_d42481